Sometimes things change / (Record no. 8215)
[ view plain ]
| 000 -LEADER | |
|---|---|
| fixed length control field | 00938nam a22002777a 4500 |
| 001 - CONTROL NUMBER | |
| control field | 8215 |
| 003 - CONTROL NUMBER IDENTIFIER | |
| control field | FISKH |
| 005 - DATE AND TIME OF LATEST TRANSACTION | |
| control field | 20250903094438.0 |
| 008 - FIXED-LENGTH DATA ELEMENTS--GENERAL INFORMATION | |
| fixed length control field | 250903b cb ||||| |||| 00| 0 eng d |
| 020 ## - INTERNATIONAL STANDARD BOOK NUMBER | |
| International Standard Book Number | 9780516245461 |
| 040 ## - CATALOGING SOURCE | |
| Original cataloging agency | FISKH |
| Language of cataloging | eng |
| Transcribing agency | FISKH |
| Modifying agency | FISKH |
| 050 ## - LIBRARY OF CONGRESS CALL NUMBER | |
| Classification number | PZ7.E1315 S |
| 082 ## - DEWEY DECIMAL CLASSIFICATION NUMBER | |
| Classification number | 463 |
| 100 ## - MAIN ENTRY--PERSONAL NAME | |
| Personal name | Eastman, Patricia |
| 245 ## - TITLE STATEMENT | |
| Title | Sometimes things change / |
| Statement of responsibility, etc. | By Patricia Eastaman |
| 260 ## - PUBLICATION, DISTRIBUTION, ETC. | |
| Place of publication, distribution, etc. | New York : |
| Name of publisher, distributor, etc. | Scholastic , |
| Date of publication, distribution, etc. | 1993. |
| 300 ## - PHYSICAL DESCRIPTION | |
| Extent | 30 pages : |
| Other physical details | color illustrations ; |
| Dimensions | 18 cm . |
| 490 ## - SERIES STATEMENT | |
| Series statement | Rookie Readers |
| 505 ## - FORMATTED CONTENTS NOTE | |
| Formatted contents note | J <br/> |
| 520 ## - SUMMARY, ETC. | |
| Summary, etc. | Sometimes things change from what they were at first: a caterpillar becomes a butterfly, a trickle becomes a river, a word becomes a story, a stranger becomes a friend, and a baby becomes you. |
| 521 8# - TARGET AUDIENCE NOTE | |
| Target audience note | 500 <br/> |
| Source | Lexile estimate <br/> |
| 521 8# - TARGET AUDIENCE NOTE | |
| Target audience note | J <br/> |
| Source | Raz-Plus <br/> |
| 700 ## - ADDED ENTRY--PERSONAL NAME | |
| Personal name | Hillerich, Robert L. |
| Relator term | Illustrator |
| 942 ## - ADDED ENTRY ELEMENTS (KOHA) | |
| Source of classification or shelving scheme | Dewey Decimal Classification |
| Koha item type | Books |
| Suppress in OPAC | No |
| Withdrawn status | Lost status | Source of classification or shelving scheme | Damaged status | Not for loan | Home library | Current library | Shelving location | Date acquired | Total Checkouts | Full call number | Barcode | Date last seen | Price effective from | Koha item type |
|---|---|---|---|---|---|---|---|---|---|---|---|---|---|---|
| Dewey Decimal Classification | Footprints International School Library Network Toul Tom Poung Campus | Footprints International School Library Network Toul Tom Poung Campus | TTP Primary Dark Blue Bookshelves | 09/03/2025 | EAS 463 PZ7.E1315 S | FISTK03586 | 09/03/2025 | 09/03/2025 | Books |
